Statistics for MATCH THE NBA PLAYER WITH THEIR ROOKIE TEAM

Click here to take the quiz!

General Stats

  • This quiz has been taken 29 times
  • The average score is 8 of 15

Answer Stats

HintAnswer% Correct
Matthew DellavedovaCleveland Cavaliers
68%
Patrick BeverleyHouston Rockets
64%
Tim Hardaway JrNew York Knicks
64%
Nicolas BatumPortland Trail Blazers
64%
Bobby PortisChicago Bulls
55%
Jrue HolidayPhiladelphia 76ers
55%
Kelly OlynykBoston Celtics
50%
Goran DragićPhoenix Suns
50%
Josh HartLA Lakers
45%
Reggie JacksonOklahoma City Thunder
45%
Terrence RossToronto Raptors
45%
Kentavious Caldwell-PopeDetroit Pistons
36%
Kyle LowryMemphis Grizzlies
36%
Josh RichardsonMiami Heat
36%
Kelly Oubre JrWashington Wizards
36%

Score Distribution

Percentile by Number Answered

Percent of People with Each Score

Your Score History

You have not taken this quiz